Statistics for World's Longest Rivers

Click here to take the quiz!

General Stats

  • This quiz has been taken 2,560 times
  • The average score is 8 of 15

Answer Stats

Length (km)River% Correct
6,650Nile
98%
6,400Amazon
97%
6,275Mississippi
84%
5,464Yellow
72%
6,300Yangtze
67%
4,700Congo
63%
4,350Mekong
53%
4,200Niger
48%
5,410Ob
40%
4,400Lena
34%
3,672Murray
32%
4,880Parana
32%
4,444Amur
30%
4,241Mackenzie
25%
5,539Yenisei
24%

Score Distribution

Percentile by Number Answered

Percent of People with Each Score

Your Score History

You have not taken this quiz